000 00341nam a2200169Ia 4500
100 _aClegg/Brian
650 _aGeneral
942 _cBK
366 _f20
654 _amotivation
245 _aJust in time-Motivation
260 _bKogan Page
_c2000
082 _a658.314/CLE
_bCLE
300 _a129
546 _aENGLISH
999 _c23552
_d23552